|
|
|
|
| LEADER |
00860nab a2200229 i 4500 |
| 001 |
misc64347 |
| 005 |
20230630111234.0 |
| 008 |
230524s1959 hu o 0|| ger d |
| 040 |
|
|
|a SZTE Miscellanea Repozitórium
|b hun
|
| 041 |
|
|
|a ger
|
| 100 |
1 |
|
|a Räsänen Martti
|
| 245 |
1 |
0 |
|a Über die Lederbearbeitung der ural-altaischen Völker
|h [elektronikus dokumentum] /
|c Räsänen Martti
|
| 260 |
|
|
|a Harrassowitz
|b Wiesbaden
|c 1959
|
| 300 |
|
|
|a 315-316
|c 25 cm
|
| 300 |
|
|
|a [2] p.
|c 25 cm
|
| 490 |
0 |
|
|a Ural-Altaische Jahrbücher : Fortsetzung der "Ungarischen Jahrbücher" = Ural-Altaic yearbook
|
| 561 |
|
|
|a Németh Gyula hagyaték
|
| 591 |
|
|
|a NOA 4782
|
| 650 |
|
4 |
|a Bölcsészettudományok
|
| 650 |
|
4 |
|a Nyelvek és irodalom
|
| 695 |
|
|
|a Urál-altaji nyelvek - etimológia
|
| 856 |
4 |
0 |
|u http://misc.bibl.u-szeged.hu/64347/1/4782_noa.pdf
|z Dokumentum-elérés
|